UBT Library

PICASSO HIS GRAPHIC ART (Record no. 38429)

000 -LEADER
fixed length control field 00268nam a22001217a 4500
008 - FIXED-LENGTH DATA ELEMENTS--GENERAL INFORMATION
fixed length control field 171124b xxu||||| |||| 00| 0 eng d
041 ## - LANGUAGE CODE
Language code of text/sound track or separate title eng
080 ## - UNIVERSAL DECIMAL CLASSIFICATION NUMBER
Universal Decimal Classification number 7
100 ## - Rafti
Rafti 44
101 ## - Shkurtesa
Shkurtesa ART
245 ## - TITLE STATEMENT
Title PICASSO HIS GRAPHIC ART
Statement of responsibility, etc ROCKEFELLER,J,D
942 ## - ADDED ENTRY ELEMENTS (KOHA)
Source of classification or shelving scheme
Item type Books
Holdings
Withdrawn status Lost status Source of classification or shelving scheme Damaged status Not for loan Collection code Permanent location Current location Shelving location Date acquired Total Checkouts Full call number Barcode Date last seen Price effective from Koha item type
          Koleksioni i përgjithshem UBT - Lipjan UBT - Lipjan Koleksioni i përgjithshem 11/24/2017   7 ROC 002-2938298 11/24/2017 11/24/2017 Books
UBT Library © 2015-2024. All rights reserved University Education for Business and Technology